How to achieve 27001 certification: an example of applied compliance management

Guardat en:
Dades bibliogràfiques
Autors principals: Arnason, Sigurjon Thor (Autor), Willet, Keith D (Autor)
Format: Llibre
Idioma:anglès
Publicat: Boca Ratón CRC Press 2008
Matèries:
Etiquetes: Afegir etiqueta
Sense etiquetes, Sigues el primer a etiquetar aquest registre!

MARC

LEADER 00000nam a2200000 a 4500
001 UCG5425
003 CL-VaPUC
008 110303e20080000US |||||||||||||||||eng|d
020 |a 9780849336485 
082 0 4 |a 005.8  |b ARN  |2 21 
100 0 |a Arnason, Sigurjon Thor  |e author  |9 555143 
700 0 |a Willet, Keith D  |e author  |9 555144 
245 1 0 |a How to achieve 27001 certification: an example of applied compliance management 
300 |a 326 p 
942 |c BK 
945 |d 20110303 00:00:00  |a dcastane 
260 |a Boca Ratón  |b CRC Press  |c 2008 
600 0 7 |a NORMA ISO 27001  |2 CL-VaPUC  |9 555145 
650 7 |a COMPUTACION  |2 CL-VaPUC  |9 350582 
650 7 |a SEGURIDAD DE DATOS  |2 CL-VaPUC  |9 555146 
650 7 |a CERTIFICACION  |2 CL-VaPUC  |9 555147 
650 7 |a NORMAS ISO  |2 CL-VaPUC  |9 538685 
583 |a last modification  |c 20110303 00:00:00  |k Rodrigo Vera 
999 |c 343942  |d 343940 
952 |0 0  |1 0  |4 0  |6 005_800000000000000_ARN_2008  |7 0  |8 A  |9 441659  |a BIBING  |b BIBING  |d 2019-11-22  |i 4752635  |o 005.8 ARN 2008  |p 4752635  |r 2025-01-20  |w 2019-11-22  |y BK  |k EII